Účinnosť pôsobenia nových prvkov plánovitej sústavy riadenia národného hospodárstva v rámci Komplexného experimentu riadenia efektívnosti a kvality v roku 1978

Bibliographic Details
Main Author: Bariak, Ján (Author)
Format: Article
Language:Slovak
PhysicalDescription:Tb. 1. Res. rus.
Subjects:

MARC

LEADER 00000nab a2200000 a 4500
001 vtls000043419
003 SK-MaSNL
005 20260304224645.0
008 140402c1979 xo 0 slo
015 |a SNBRB19rr/mm-uuuuu 
035 |a CL0053514 
040 |a SNKBUCL  |b slo  |c SNKBUCL  |e AACR2 
041 0 |a slo 
044 |a xo  |c SK 
080 |a 338.5  |2 1981 
080 |a 338.2  |2 1981 
100 1 |a Bariak, Ján  |4 aut  |9 1125477 
245 1 0 |a Účinnosť pôsobenia nových prvkov plánovitej sústavy riadenia národného hospodárstva v rámci Komplexného experimentu riadenia efektívnosti a kvality v roku 1978  |c Ján Bariak 
300 |b Tb. 1. Res. rus. 
650 0 7 |a výrobky  |2 snkbucl  |9 4992 
650 0 7 |a kvalita  |2 snkbucl  |9 1150 
655 7 |a články z novín a časopisov  |2 snkbucl  |9 267496 
773 0 |t Ekonomické rozhľady  |g Roč. 12, č. 2 (1979), s. 55-66 
850 |a Slovenská národná knižnica v Martine  |a MTA001 
852 |a SNK  |b KIS3GCP 
958 |a RK 
992 |a RBX 
999 |c 3173547  |d 3175477